[Event "Barcelona Escacs CC tt"]
[Site "Barcelona"]
[Date "2007.04.28"]
[Round "3"]
[White "Ruiz Manchon, Francesco Xavier"]
[Black "Porta Bellido, Xavier"]
[Result "0-1"]
[WhiteElo "2093"]
[BlackElo "1933"]
[PlyCount "48"]
[EventDate "2007.04.14"]
[EventType "team"]
[EventRounds "7"]
[EventCountry "ESP"]
[SourceTitle "EXT 2009"]
[Source "ChessBase"]
[SourceDate "2008.11.26"]
[SourceVersion "1"]
[SourceVersionDate "2008.11.26"]
[SourceQuality "1"]

1. e4 e5 2. Nf3 Nc6 3. d4 exd4 4. Bc4 Nf6 5. e5 d5 6. Bb5 Ne4 7. Nxd4 Bd7 8. Bxc6 bxc6 9. 0-0 Be7 10. f3 Nc5 11. Be3 0-0 12. Nd2 Na4 13. Rb1 c5 14. Ne2 d4 15. Bf4 Nb6 16. c4 Be6 17. b3 d3 18. Be3 dxe2 19. Qxe2 Bf5 20. Ne4 Bxe4 21. fxe4 Qd7 22. Rf5 Qe6 23. Rbf1 Nd7 24. Bf4 g6 0-1

[Event "Barcelona Sant Marti op 04th"]
[Site "Barcelona"]
[Date "2002.05.11"]
[Round "6.31"]
[White "Porta Bellido, Xavier"]
[Black "Soria Berdegal, Armando"]
[Result "1-0"]
[WhiteElo "1890"]
[BlackElo "1760"]
[PlyCount "135"]
[EventDate "2002.04.06"]
[EventType "swiss"]
[EventRounds "9"]
[EventCountry "ESP"]
[SourceTitle "EXT 2003"]
[Source "ChessBase"]
[SourceDate "2002.11.25"]
[SourceVersion "1"]
[SourceVersionDate "2002.11.25"]
[SourceQuality "1"]

1. e4 g6 2. d4 Bg7 3. Nf3 d6 4. Bc4 Nf6 5. Nc3 0-0 6. 0-0 Nxe4 7. Nxe4 d5 8. Bd3 dxe4 9. Bxe4 c6 10. c3 Bg4 11. h3 Bxf3 12. Bxf3 Nd7 13. d5 Ne5 14. dxc6 Qxd1 15. Rxd1 Nxf3+ 16. gxf3 bxc6 17. Be3 Rab8 18. b3 a6 19. Rd7 e6 20. Rad1 Bxc3 21. Rc1 Bf6 22. Rxc6 a5 23. Ra7 Rb5 24. Rcc7 Bd8 25. Rd7 Rd5 26. Rxd5 exd5 27. Rd7 Bf6 28. Rxd5 Bc3 29. Bb6 Ra8 30. Rd8+ Rxd8 31. Bxd8 Kf8 32. Kf1 Ke8 33. Bg5 Kd7 34. Ke2 Be5 35. Bd2 Bc7 36. Kd3 f5 37. Kc4 Kc6 38. b4 axb4 39. Bxb4 h5 40. a4 g5 41. Bd2 f4 42. Bc3 Bd8 43. Be5 Bb6 44. Bd4 Bc7 45. Bf6 g4 46. fxg4 hxg4 47. hxg4 Kd7 48. Kd5 Ke8 49. Be5 Bb6 50. f3 Be3 51. Ke4 Kf7 52. Bxf4 Bb6 53. Bd2 Kg6 54. a5 Ba7 55. Be3 Bb8 56. a6 Kf7 57. a7 Bxa7 58. Bxa7 Ke6 59. Bd4 Kf7 60. Kf5 Kg8 61. g5 Kf7 62. g6+ Kg8 63. Ke6 Kf8 64. g7+ Kg8 65. Kf6 Kh7 66. Kf7 Kh6 67. g8Q Kh5 68. Qg4+ 1-0